[Event "COL-ch U12"]
[Site "Choconta"]
[Date "2023.03.18"]
[Round "2"]
[White "Naranjo Diaz, Juan Felipe"]
[Black "Velandia Jimenez, Johan Felipe"]
[Result "0-1"]
[WhiteElo "1572"]
[BlackElo "1141"]
[PlyCount "40"]
[EventDate "2023.03.17"]
[EventType "swiss"]
[EventRounds "7"]
[EventCountry "COL"]
[SourceTitle "CBM 213 Extra"]
[Source "ChessBase"]
[SourceDate "2023.05.31"]
[SourceVersion "1"]
[SourceVersionDate "2023.05.31"]
[SourceQuality "1"]

1. e4 g6 2. d4 Bg7 3. Nc3 d6 4. Nf3 Nf6 5. Bg5 0-0 6. Qd2 h5 7. h3 c6 8. Bh6 b5 9. a3 Bb7 10. 0-0-0 a5 11. Bd3 b4 12. axb4 axb4 13. Nb1 c5 14. e5 Nd5 15. Bxg7 Kxg7 16. g4 Nc3 17. bxc3 bxc3 18. Qg5 Ra1 19. Nfd2 Qa5 20. Nc4 Qa2 0-1